5HLuxD.jpg

KING HENRY VIII SENIOR AND PRIMARY SCHOOL LIBRARY OPAC

Krindlekrax / (Record no. 3083)

000 -LEADER
fixed length control field 01089pam a2200361 i 4500
001 - CONTROL NUMBER
control field 020905992
003 - CONTROL NUMBER IDENTIFIER
control field UkOxU
005 - DATE AND TIME OF LATEST TRANSACTION
control field 20231004091222.0
008 - FIXED-LENGTH DATA ELEMENTS--GENERAL INFORMATION
fixed length control field 170301r20171991enka j |0|0 1|eng d
015 ## - NATIONAL BIBLIOGRAPHY NUMBER
National bibliography number GBB774433
Source bnb
016 7# - NATIONAL BIBLIOGRAPHIC AGENCY CONTROL NUMBER
Record control number 018329459
Source Uk
020 ## - INTERNATIONAL STANDARD BOOK NUMBER
International Standard Book Number 9780141377360
Qualifying information paperback
035 ## - SYSTEM CONTROL NUMBER
System control number (Uk)018329459
040 ## - CATALOGING SOURCE
Original cataloging agency StDuBDS
Language of cataloging eng
Description conventions rda
Transcribing agency StDuBDS
Modifying agency Uk
042 ## - AUTHENTICATION CODE
Authentication code ukblsr
082 04 - DEWEY DECIMAL CLASSIFICATION NUMBER
Classification number 823.92 RID
Edition number 23
100 1# - MAIN ENTRY--PERSONAL NAME
Personal name Ridley, Philip,
Relator term author.
245 10 - TITLE STATEMENT
Title Krindlekrax /
Statement of responsibility, etc. Philip Ridley ; illustrated by Stephen Lee.
264 #1 - PRODUCTION, PUBLICATION, DISTRIBUTION, MANUFACTURE, AND COPYRIGHT NOTICE
Place of production, publication, distribution, manufacture London :
Name of producer, publisher, distributor, manufacturer Puffin Books,
Date of production, publication, distribution, manufacture, or copyright notice 2017.
264 #4 - PRODUCTION, PUBLICATION, DISTRIBUTION, MANUFACTURE, AND COPYRIGHT NOTICE
Date of production, publication, distribution, manufacture, or copyright notice ©1991
300 ## - PHYSICAL DESCRIPTION
Extent 213 pages :
Other physical details illustrations (black and white) ;
Dimensions 20 cm
336 ## - CONTENT TYPE
Content type term text
Source rdacontent
336 ## - CONTENT TYPE
Content type term still image
Source rdacontent
337 ## - MEDIA TYPE
Media type term unmediated
Source rdamedia
338 ## - CARRIER TYPE
Carrier type term volume
Source rdacarrier
500 ## - GENERAL NOTE
General note Originally published: London : Cape, 1991.
500 ## - GENERAL NOTE
General note Formerly CIP.
Institution to which field applies Uk
530 ## - ADDITIONAL PHYSICAL FORM AVAILABLE NOTE
Additional physical form available note Also available electronically.
655 #0 - INDEX TERM--GENRE/FORM
Genre/form data or focus term Fantasy fiction.
655 #0 - INDEX TERM--GENRE/FORM
Genre/form data or focus term Children's stories.
700 1# - ADDED ENTRY--PERSONAL NAME
Personal name Ridley, Philip,
Relator term illustrator.
942 ## - ADDED ENTRY ELEMENTS (KOHA)
Source of classification or shelving scheme
Koha item type Books - Fiction
Holdings
Withdrawn status Lost status Source of classification or shelving scheme Damaged status Not for loan Collection code Permanent Location Current Location Shelving location Date acquired Total Checkouts Full call number Barcode Date last seen Date last checked out Price effective from Koha item type
          Fiction KH8 Primary School Library KH8 Primary School Library Non Fiction 2023-10-04 3 823.92 RID KHPL000004292 2025-12-05 2025-09-22 2023-10-04 Books - Fiction

Powered By KH8 IT Dept